Gifted hands : (Record no. 126763)

MARC details
000 -LEADER
campo de control de longitud fija 01600nam a22002537a 4500
003 - IDENTIFICADOR DE NÚMERO DE CONTROL
campo de control BJBSDDR
005 - FECHA Y HORA DE LA ÚLTIMA TRANSACCIÓN
campo de control 20260410121128.0
007 - CAMPO FIJO DE DESCRIPCIÓN FÍSICA--INFORMACIÓN GENERAL
campo de control de longitud fija ta
008 - DATOS DE LONGITUD FIJA--INFORMACIÓN GENERAL
campo de control de longitud fija 260410s2011 xxu||||| |||| 00| 0 eng d
020 ## - NÚMERO INTERNACIONAL ESTÁNDAR DEL LIBRO
Número Internacional Estándar del Libro 9780310214694
020 ## - NÚMERO INTERNACIONAL ESTÁNDAR DEL LIBRO
Número Internacional Estándar del Libro 0310214696
040 ## - FUENTE DE CATALOGACIÓN
Lengua de catalogación spa
Centro/agencia transcriptor BJBSDDR
041 ## - CÓDIGO DE IDIOMA
Código de lengua del texto/banda sonora o título independiente eng
050 ## - SIGNATURA TOPOGRÁFICA DE LA BIBLIOTECA DEL CONGRESO
Número de ítem C321 2011
100 1# - ENTRADA PRINCIPAL--NOMBRE DE PERSONA
Nombre de persona Carson, Ben
Forma completa/desarrollada del nombre (Benjamin Solomon),
Fechas asociadas al nombre 1951-
9 (RLIN) 7674
245 10 - MENCIÓN DEL TÍTULO
Título Gifted hands :
Resto del título the Ben Carson story /
Mención de responsabilidad, etc. Ben Carson, Cecil Murphey
260 ## - PUBLICACIÓN, DISTRIBUCIÓN, ETC.
Lugar de publicación, distribución, etc. Michigan, United States :
Nombre del editor, distribuidor, etc. Zondervan,
Fecha de publicación, distribución, etc. 2011
300 ## - DESCRIPCIÓN FÍSICA
Extensión 224 pages :
Otras características físicas illustrations ;
Dimensiones 18 cm
505 ## - NOTA DE CONTENIDO CON FORMATO
Nota de contenido con formato <br/>Letter from Sonya Carson<br/>Introduction / Candy Carson<br/>Goodbye Daddy<br/>Carrying the load<br/>Eight years old<br/>Two positives<br/>Boy's big problem<br/>Terrible temper<br/>ROTC triumph<br/>College choices<br/>Changing the rules<br/>Serious step<br/>Another step forward<br/>Coming into my own<br/>Special year<br/>Girl named Maranda<br/>Heartbreak<br/>Little Beth<br/>Three special children<br/>Craig and Susan<br/>Separating the twins<br/>Rest of their story<br/>Family affairs<br/>Think big
520 ## - RESUMEN, ETC.
Sumario, etc. Dr. Ben Carson is known around the world for breakthroughs in neurosurgery that have brought hope where no hope existed. In Gifted Hands, he tells of his inspiring odyssey from his childhood in inner-city Detroit to his position as director of pediatric neurosurgery at John Hopkins Medical Institutions at age thirty-three. Taking you into the operating room where he has saved countless lives, Ben Carson is a role model for anyone who attempts the seemingly impossible.
700 1# - ENTRADA AGREGADA--NOMBRE PERSONAL
Nombre de persona Murphey, Cecil
9 (RLIN) 47874
942 ## - ELEMENTOS DE ENTRADA SECUNDARIOS (KOHA)
Fuente del sistema de clasificación o colocación Clasificación de Library of Congress
Suprimir en OPAC No
Tipo de ítem Koha Libro
946 ## - PROCESAMIENTO DE INFORMACIÓN LOCAL (OCLC)
Iniciales del agente catalogador cmc
Holdings
Estatus retirado Estado de pérdida Fuente del sistema de clasificación o colocación Estado de daño No para préstamo Colección Biblioteca de origen Biblioteca actual Ubicación en estantería Fecha de adquisición Signatura topográfica completa Código de barras Visto por última vez Copia número Tipo de ítem Koha
    Clasificación de Library of Congress     Automatización y Procesos Técnicos Biblioteca Juan Bosch Biblioteca Juan Bosch Automatización y Procesos Técnicos (1er. Piso) 10/04/2026 C321 2011 00000198927 10/04/2026 1 Libro